000 00392nam a2200157Ia 4500
008 231217s9999 xx 000 0 und d
020 _a8178811553
041 _aEnglish
082 _a332 KAN;1 R
100 _aKanshesh, Anshul ed.
245 0 _aInnovation in marketing
260 _c2003
_bIcfai
_aHyderabad
300 _axii, 182+A15
650 _aInnovation,marketing
942 _cAA
999 _c189889
_d189889